000 00713nam a22001817a 4500
003 OSt
005 20260302133929.0
008 260302b |||||||| |||| 00| 0 eng d
040 _c0
082 _aDPer 372.21 C437 January-December 2024 v.100 n.1-6
100 _aEstey, Andrea.
_eauthor.
_969878
245 _aTeaching for Climate Action :
_bClimate Resiliency Fellowshuip
_cAndrea Estey
260 _aWashington, DC., USA.
_bChildhood Education International
_cJanuary-February 2024
300 _aVolume 100, pages 38-43 ;
_billustration ;
_c27 cm.
500 _aChildhood Education Innovations, vol. 100 no. 1, pages 38-43, January- February 2024.
700 _aEstey, Andrea.
_eauthor.
_969878
942 _2ddc
_cPER
999 _c24375
_d24375